| 000 | 01325nam a2200313 i 4500 | ||
|---|---|---|---|
| 001 | 16261 | ||
| 003 | DO-SdUEMH | ||
| 005 | 20260119172720.0 | ||
| 007 | ta | ||
| 008 | 211105s2003||||dr |||gr|||| 0|| | spa d | ||
| 020 | _a9789993468646 | ||
| 040 |
_aDO-SdUEMH _bspa _erda |
||
| 041 | _aspa | ||
| 082 | 1 | 4 |
_aRD344.01 A345D 2003 _mRD _bA332 |
| 084 | _b08-00131 | ||
| 100 | 1 |
_aALBERQUERQUE, RAFAEL F. _eaut |
|
| 245 | 0 |
_aDerecho del Trabajo: _blos sujetos del derecho del trabajo / _cRafael F. Alburquerque |
|
| 250 | _aSegunda edición | ||
| 260 | _c2003 | ||
| 264 | 1 |
_aSanto Domingo, República Dominicana : _bTalleres, _c2003 |
|
| 264 | 4 | _c©2003 | |
| 300 |
_a562 páginas : _c23 cm. |
||
| 336 |
_2rdacontent _atexto _btxt |
||
| 337 |
_2rdamedia _asin mediación _bn |
||
| 338 |
_2rdacarrier _avolumen _bnc |
||
| 505 | 2 | _aTema 1: Introducción — Tema 2: Los sujetos del Derecho del trabajo — Tema 3: Los sujetos del Derecho individual del trabajo y su vinculación jurídica — Tema 4: Los sujetos del Derecho colectivo del trabajo y su vinculación jurídica — Tema 5: El empleo y el trabajo — Tema 6: El empleo — Tema 7: El trabajo — Tema 8: Los conflictos del trabajo y su solución — Tema 9: El procedimiento judicial — Tema 10: Las soluciones jurisgénicas. | |
| 942 |
_2ddc _cBK _n0 |
||
| 999 |
_c16261 _d16261 |
||